Katalytická aktivita zeolitu MG-ZSM-5

Bibliographic Details
Main Authors: Hložek, Petr (Author), Novanský, Jozef, 1930-1991 (Author), Morávek, Štefan (Author), Barthová, Katarína (Author), Hudec, Pavol (Author)
Format: Article
Language:Slovak
PhysicalDescription:Tb. 4. Graf 1. Diagr. 1., lit. 7 zázn. v slov., češ., angl. nem.
Subjects:

MARC

LEADER 00000nab a2200000 a 4500
001 vtls000334331
003 SK-MaSNL
005 20260304213457.0
008 230120c1988 xo 0 slo
015 |a SNBRB19rr/mm-uuuuu 
035 |a CL0334453 
035 |a urn:nbn:sk:snk-abanco 
035 |a (urnnbn)urn:nbn:sk:snk:ar-a0a5cd 
035 |a (uuid)3fc4a1a1-0767-42c1-afba-5220c61a5939 
040 |a SNKBUCL  |b slo  |c SNKBUCL  |e AACR2 
041 0 |a slo 
044 |a xo  |c SK 
080 |a 661.715:097:549.67  |2 1981 
080 |a 097  |2 1981 
080 |a 549.67  |2 1981 
080 |a 66.097  |2 1981 
245 0 0 |a Katalytická aktivita zeolitu MG-ZSM-5  |c Petr Hložek ... [et al.] 
300 |b Tb. 4. Graf 1. Diagr. 1., lit. 7 zázn. v slov., češ., angl. nem. 
650 0 7 |a aromatické uhľovodíky  |2 snkbucl  |9 51187 
650 0 7 |a zeolity  |2 snkbucl  |9 15712 
655 7 |a články z novín a časopisov  |2 snkbucl  |9 267496 
700 1 |a Hložek, Petr  |4 aut  |9 1264155 
700 1 |a Novanský, Jozef,  |d 1930-1991  |4 aut  |9 42442 
700 1 |a Morávek, Štefan  |4 aut  |9 569510 
700 1 |a Barthová, Katarína  |4 aut  |9 1546438 
700 1 |a Hudec, Pavol  |4 aut  |9 279368 
773 0 |t Ropa a uhlie  |g Roč. 30, č. 8 (1988), s. 462-467 
850 |a Slovenská národná knižnica v Martine  |a MTA001 
852 |a SNK  |b KIS3GCP 
954 |a odborná, vedecká literatúra pôvodná (slovenská)  |2 lita 
958 |a RK 
958 |a NB 
958 |a OND 
958 |a EUIPO 
958 |a article14 
992 |a RBX 
999 |c 3136151  |d 3138081